[Event "11th LCC FIDE Open 2019"]
[Site "London"]
[Date "2019.12.04"]
[Round "7.38"]
[White "Ethelontis, Alexandros N"]
[Black "Rogacewicz, Mikolaj"]
[Result "1-0"]
[WhiteElo "2139"]
[BlackElo "1921"]
[Annotator "NA"]
[PlyCount "103"]
[EventDate "2019.11.29"]
[EventType "swiss"]
[EventCountry "ENG"]
[SourceTitle "playchess.com"]
[Source "ChessBase"]
[SourceQuality "1"]
[TimeControl "40/5400+30:1800+30"]

1. c4 {[%emt 0:01:34]} e6 {[%emt 0:00:00]} 2. g3 {[%emt 0:00:11]} d5 {[%emt 0:00:39]} 3. Bg2 {[%emt 0:00:16]} Nf6 {[%emt 0:00:31]} 4. Nf3 {[%emt 0:00:20]} Be7 {[%emt 0:00:36]} 5. O-O {[%emt 0:00:31]} O-O {[%emt 0:00:21]} 6. Qc2 {[%emt 0:02:25]} d4 {[%emt 0:06:15]} 7. e3 {[%emt 0:07:20]} Nc6 {[%emt 0:09:57]} 8. exd4 {[%emt 0:11:08]} Nxd4 {[%emt 0:00:44]} 9. Nxd4 {[%emt 0:00:11]} Qxd4 {[%emt 0:00:08]} 10. d3 {[%emt 0:02:41]} Rd8 {[%emt 0:18:07]} 11. Rd1 {[%emt 0:00:45]} c5 {[%emt 0:05:57]} 12. Be3 {[%emt 0:14:08]} Qd7 {[%emt 0:02:12]} 13. Nc3 {[%emt 0:00:59]} Ng4 {[%emt 0:06:34]} 14. Bc1 {[%emt 0:06:47]} Ne5 {[%emt 0:04:51]} 15. Be3 {[%emt 0:01:21]} Nc6 {[%emt 0:01:51]} 16. Ne2 {[%emt 0:04:53]} Qc7 {[%emt 0:08:54]} 17. d4 {[%emt 0:02:59]} cxd4 {[%emt 0:02:05]} 18. Nxd4 {[%emt 0:00:19]} Nxd4 {[%emt 0:05:03]} 19. Bxd4 {[%emt 0:00:24]} Bd7 {[%emt 0:02:38]} 20. Qc3 {[%emt 0:04:59]} Bf8 {[%emt 0:04:31]} 21. Rac1 {[%emt 0:07:51]} Bc6 {[%emt 0:02:50]} 22. Be5 {[%emt 0:01:47]} Qb6 {[%emt 0:01:17]} 23. Bd4 {[%emt 0:06:49]} Qc7 {[%emt 0:00:41]} 24. h4 {[%emt 0:08:36]} Bxg2 {[%emt 0:05:01]} 25. Kxg2 {[%emt 0:00:06]} Qc6+ {[%emt 0:02:43]} 26. Qf3 {[%emt 0:01:38]} h5 {[%emt 0:00:31]} 27. Qxc6 {[%emt 0:00:34]} bxc6 {[%emt 0:00:06]} 28. Be3 {[%emt 0:01:45]} a5 {[%emt 0:01:06]} 29. Kf3 {[%emt 0:00:48]} Be7 {[%emt 0:01:21]} 30. Bb6 {[%emt 0:02:06]} Rdb8 {[%emt 0:01:10]} 31. c5 {[%emt 0:02:41]} Rb7 {[%emt 0:03:20]} 32. b3 {[%emt 0:02:08]} a4 {[%emt 0:00:52]} 33. b4 {[%emt 0:00:29]} Kf8 {[%emt 0:00:41]} 34. Rd3 {[%emt 0:00:35]} Ke8 {[%emt 0:00:53]} 35. a3 {[%emt 0:00:29]} Rd7 {[%emt 0:01:12]} 36. Rcd1 {[%emt 0:00:19]} Rxd3+ {[%emt 0:00:14]} 37. Rxd3 {[%emt 0:00:01]} Rb8 {[%emt 0:00:29]} 38. Ke4 {[%emt 0:00:49]} Rb7 {[%emt 0:00:23]} 39. Rd1 {[%emt 0:03:34]} Rd7 {[%emt 0:00:33]} 40. Rb1 {[%emt 0:00:19]} Rd2 {[%emt 0:01:03]} 41. b5 {[%emt 0:32:02]} Kd7 {[%emt 0:31:18]} 42. Ba5 {[%emt 0:00:00]} f5+ {[%emt 0:00:00]} 43. Kf3 {[%emt 0:00:00]} Rc2 {[%emt 0:00:00]} 44. Rd1+ {[%emt 0:00:00]} Ke8 {[%emt 0:00:00]} 45. bxc6 {[%emt 0:00:00]} Bxc5 {[%emt 0:00:00]} 46. Kf4 {[%emt 0:00:00]} Kf7 {[%emt 0:00:00]} 47. f3 {[%emt 0:00:00]} Bxa3 {[%emt 0:02:45]} 48. c7 {[%emt 0:01:08]} Rc5 {[%emt 0:00:54]} 49. Kg5 {[%emt 0:01:09]} Bc1+ {[%emt 0:00:23]} 50. f4 {[%emt 0:00:25]} a3 {[%emt 0:01:10]} 51. Rd7+ {[%emt 0:00:29]} Kg8 {[%emt 0:00:00]} 52. Kg6 {[%emt 0:00:55]} 1-0

[Event "11th LCC FIDE Open 2019"]
[Site "London"]
[Date "2019.12.04"]
[Round "7.39"]
[White "Walker, Samuel A"]
[Black "Goh, Zi Han"]
[Result "1/2-1/2"]
[WhiteElo "2039"]
[BlackElo "2134"]
[Annotator "NA"]
[PlyCount "119"]
[EventDate "2019.11.29"]
[EventType "swiss"]
[EventCountry "ENG"]
[SourceTitle "playchess.com"]
[Source "ChessBase"]
[SourceQuality "1"]
[TimeControl "40/5400+30:1800+30"]

1. c4 {[%emt 0:00:00]} Nf6 {[%emt 0:00:00]} 2. g3 {[%emt 0:00:00]} g6 {[%emt 0:00:00]} 3. Bg2 {[%emt 0:00:00]} Bg7 {[%emt 0:00:00]} 4. Nc3 {[%emt 0:00:03]} O-O {[%emt 0:00:00]} 5. d3 {[%emt 0:01:13]} d6 {[%emt 0:00:32]} 6. e4 {[%emt 0:00:34]} Nc6 {[%emt 0:01:14]} 7. Nge2 {[%emt 0:00:16]} e5 {[%emt 0:00:22]} 8. O-O {[%emt 0:00:28]} Nh5 {[%emt 0:11:45]} 9. h3 {[%emt 0:17:08]} f5 {[%emt 0:07:56]} 10. Nd5 {[%emt 0:02:23]} f4 {[%emt 0:19:27]} 11. gxf4 {[%emt 0:12:38]} Qh4 {[%emt 0:14:29]} 12. fxe5 {[%emt 0:05:21]} Nxe5 {[%emt 0:11:20]} 13. f4 {[%emt 0:11:18]} Bxh3 {[%emt 0:03:16]} 14. Qe1 {[%emt 0:00:33]} Qxe1 {[%emt 0:01:11]} 15. Rxe1 {[%emt 0:00:02]} Nxd3 {[%emt 0:02:24]} 16. Rf1 {[%emt 0:03:53]} Bxg2 {[%emt 0:03:08]} 17. Kxg2 {[%emt 0:00:02]} c6 {[%emt 0:05:16]} 18. Nc7 {[%emt 0:00:29]} Rac8 {[%emt 0:00:11]} 19. Ne6 {[%emt 0:00:09]} Rfe8 {[%emt 0:00:30]} 20. Nxg7 {[%emt 0:02:40]} Kxg7 {[%emt 0:00:09]} 21. Kf3 {[%emt 0:00:12]} Nc5 {[%emt 0:02:57]} 22. Nc3 {[%emt 0:00:29]} Nf6 {[%emt 0:01:14]} 23. Re1 {[%emt 0:02:52]} a5 {[%emt 0:02:35]} 24. b3 {[%emt 0:00:40]} Rcd8 {[%emt 0:07:50]} 25. Ba3 {[%emt 0:00:19]} Nd3 {[%emt 0:00:54]} 26. Re2 {[%emt 0:00:31]} Nh5 {[%emt 0:01:17]} 27. Rd2 {[%emt 0:02:16]} Ndxf4 {[%emt 0:01:47]} 28. Bxd6 {[%emt 0:00:10]} Ne6 {[%emt 0:01:01]} 29. Rad1 {[%emt 0:00:18]} Kg8 {[%emt 0:00:55]} 30. e5 {[%emt 0:00:23]} Rd7 {[%emt 0:00:27]} 31. Ke3 {[%emt 0:01:03]} Red8 {[%emt 0:00:17]} 32. Ne4 {[%emt 0:00:13]} Kg7 {[%emt 0:01:04]} 33. Rg1 {[%emt 0:00:18]} Kh8 {[%emt 0:00:15]} 34. c5 {[%emt 0:00:17]} Nhg7 {[%emt 0:00:39]} 35. Nf6 {[%emt 0:00:59]} Nf5+ {[%emt 0:00:10]} 36. Kf3 {[%emt 0:00:57]} Rf7 {[%emt 0:00:15]} 37. Rh2 {[%emt 0:00:57]} Ne7 {[%emt 0:01:11]} 38. Rgh1 {[%emt 0:02:30]} Nf8 {[%emt 0:00:22]} 39. Ke4 {[%emt 0:00:30]} Ng8 {[%emt 0:00:36]} 40. Ng4 {[%emt 0:04:43]} Ne6 {[%emt 0:00:28]} 41. Ne3 {[%emt 0:32:20]} Rf4+ {[%emt 0:03:19]} 42. Kd3 {[%emt 0:00:00]} Rd7 {[%emt 0:00:48]} 43. Kc2 {[%emt 0:00:00]} Rdf7 {[%emt 0:01:24]} 44. Nc4 {[%emt 0:00:00]} a4 {[%emt 0:01:21]} 45. Nd2 {[%emt 0:00:00]} axb3+ {[%emt 0:01:45]} 46. axb3 {[%emt 0:00:00]} Ne7 {[%emt 0:09:28]} 47. Ra1 {[%emt 0:00:00]} Nd5 {[%emt 0:02:28]} 48. Ra8+ {[%emt 0:00:00]} Kg7 {[%emt 0:00:01]} 49. Re8 {[%emt 0:00:00]} Ndc7 {[%emt 0:03:45]} 50. Rb8 {[%emt 0:00:00]} Na6 {[%emt 0:01:45]} 51. Re8 {[%emt 0:00:00]} Nac7 {[%emt 0:05:38]} 52. Rb8 {[%emt 0:00:00]} Nd4+ {[%emt 0:01:59]} 53. Kd3 {[%emt 0:00:00]} Nce6 {[%emt 0:00:37]} 54. Re8 {[%emt 0:00:00]} g5 {[%emt 0:01:38]} 55. Ne4 {[%emt 0:00:00]} Kg6 {[%emt 0:01:34]} 56. Nf6 {[%emt 0:00:00]} Kf5 {[%emt 0:00:33]} 57. Nxh7 {[%emt 0:00:00]} Nxb3 {[%emt 0:00:28]} 58. Rxe6 {[%emt 0:02:53]} Kxe6 {[%emt 0:00:29]} 59. Nxg5+ {[%emt 0:00:04]} Kd5 {[%emt 0:00:22]} 60. e6 {[%emt 0:01:01]} 1/2-1/2

[Event "11th LCC FIDE Open 2019"]
[Site "London"]
[Date "2019.12.04"]
[Round "7.40"]
[White "Bucher, Grant W"]
[Black "Siddharth, Gopakumar"]
[Result "1-0"]
[WhiteElo "2121"]
[BlackElo "1848"]
[Annotator "NA"]
[PlyCount "73"]
[EventDate "2019.11.29"]
[EventType "swiss"]
[EventCountry "ENG"]
[SourceTitle "playchess.com"]
[Source "ChessBase"]
[SourceQuality "1"]
[TimeControl "40/5400+30:1800+30"]

1. e4 {[%emt 0:00:00]} c5 {[%emt 0:04:51]} 2. Nf3 {[%emt 0:00:00]} Nc6 {[%emt 0:00:06]} 3. Bb5 {[%emt 0:00:00]} g6 {[%emt 0:00:05]} 4. Bxc6 {[%emt 0:00:00]} bxc6 {[%emt 0:00:05]} 5. O-O {[%emt 0:00:43]} Bg7 {[%emt 0:00:06]} 6. Re1 {[%emt 0:01:19]} Nh6 {[%emt 0:00:18]} 7. c3 {[%emt 0:01:56]} O-O {[%emt 0:00:11]} 8. d4 {[%emt 0:00:25]} cxd4 {[%emt 0:00:05]} 9. cxd4 {[%emt 0:00:05]} d5 {[%emt 0:00:04]} 10. e5 {[%emt 0:02:55]} f6 {[%emt 0:02:25]} 11. Nbd2 {[%emt 0:03:48]} Bg4 {[%emt 0:05:15]} 12. h3 {[%emt 0:06:09]} Bxf3 {[%emt 0:01:47]} 13. Nxf3 {[%emt 0:01:24]} Qb6 {[%emt 0:00:36]} 14. b3 {[%emt 0:19:51]} Nf7 {[%emt 0:25:26]} 15. Ba3 {[%emt 0:21:42]} Rfe8 {[%emt 0:00:30]} 16. Qc2 {[%emt 0:05:34]} Qc7 {[%emt 0:06:13]} 17. Rac1 {[%emt 0:04:06]} Rac8 {[%emt 0:01:27]} 18. exf6 {[%emt 0:02:34]} Bxf6 {[%emt 0:00:23]} 19. Re6 {[%emt 0:03:36]} Nd8 {[%emt 0:02:23]} 20. Re2 {[%emt 0:00:28]} Nf7 {[%emt 0:01:54]} 21. Re6 {[%emt 0:00:14]} Nd8 {[%emt 0:00:06]} 22. Re2 {[%emt 0:00:06]} Nf7 {[%emt 0:00:17]} 23. Rce1 {[%emt 0:03:02]} e5 {[%emt 0:02:33]} 24. dxe5 {[%emt 0:00:38]} Nxe5 {[%emt 0:00:36]} 25. Nxe5 {[%emt 0:01:10]} Rxe5 {[%emt 0:00:17]} 26. Rxe5 {[%emt 0:01:32]} Bxe5 {[%emt 0:00:01]} 27. Qe2 {[%emt 0:01:12]} Bf6 {[%emt 0:03:45]} 28. Qe6+ {[%emt 0:02:06]} Kg7 {[%emt 0:00:07]} 29. Bd6 {[%emt 0:02:24]} Qb7 {[%emt 0:01:13]} 30. Be5 {[%emt 0:05:00]} Rf8 {[%emt 0:00:15]} 31. Rc1 {[%emt 0:02:08]} Qf7 {[%emt 0:00:24]} 32. Rxc6 {[%emt 0:00:39]} Bxe5 {[%emt 0:05:00]} 33. Qxe5+ {[%emt 0:00:06]} Kh6 {[%emt 0:00:05]} 34. Qe3+ {[%emt 0:02:50]} Qf4 {[%emt 0:00:06]} 35. Qxf4+ {[%emt 0:02:01]} Rxf4 {[%emt 0:00:01]} 36. Rc7 {[%emt 0:00:42]} a5 {[%emt 0:00:32]} 37. Ra7 {[%emt 0:00:25]} 1-0

[Event "11th LCC FIDE Open 2019"]
[Site "London"]
[Date "2019.12.04"]
[Round "7.41"]
[White "De Coverly, Roger D"]
[Black "Pollack, Oscar"]
[Result "1/2-1/2"]
[WhiteElo "1986"]
[BlackElo "2112"]
[Annotator "NA"]
[PlyCount "125"]
[EventDate "2019.11.29"]
[EventType "swiss"]
[EventCountry "ENG"]
[SourceTitle "playchess.com"]
[Source "ChessBase"]
[SourceQuality "1"]
[TimeControl "40/5400+30:1800+30"]

1. e4 {[%emt 0:00:00]} e6 {[%emt 0:00:00]} 2. d4 {[%emt 0:00:00]} d5 {[%emt 0:00:00]} 3. exd5 {[%emt 0:00:00]} exd5 {[%emt 0:00:00]} 4. c4 {[%emt 0:00:00]} Nf6 {[%emt 0:00:00]} 5. Nc3 {[%emt 0:00:18]} Nc6 {[%emt 0:00:07]} 6. Nf3 {[%emt 0:00:49]} Bg4 {[%emt 0:03:10]} 7. cxd5 {[%emt 0:03:49]} Nxd5 {[%emt 0:01:10]} 8. Be2 {[%emt 0:01:13]} Bb4 {[%emt 0:02:51]} 9. Bd2 {[%emt 0:00:43]} O-O {[%emt 0:01:14]} 10. O-O {[%emt 0:01:16]} Nce7 {[%emt 0:02:45]} 11. h3 {[%emt 0:04:59]} Bf5 {[%emt 0:01:14]} 12. a3 {[%emt 0:01:35]} Bxc3 {[%emt 0:03:18]} 13. bxc3 {[%emt 0:00:13]} Ng6 {[%emt 0:00:08]} 14. Re1 {[%emt 0:04:03]} Re8 {[%emt 0:07:39]} 15. Qb3 {[%emt 0:03:22]} Ndf4 {[%emt 0:13:39]} 16. Bc4 {[%emt 0:02:50]} Qd7 {[%emt 0:04:32]} 17. Bxf4 {[%emt 0:01:53]} Nxf4 {[%emt 0:00:12]} 18. Ne5 {[%emt 0:00:56]} Rxe5 {[%emt 0:07:09]} 19. Rxe5 {[%emt 0:00:52]} Bxh3 {[%emt 0:02:33]} 20. Bxf7+ {[%emt 0:02:27]} Kh8 {[%emt 0:02:39]} 21. Rae1 {[%emt 0:02:26]} h6 {[%emt 0:01:33]} 22. Re8+ {[%emt 0:03:12]} Rxe8 {[%emt 0:00:02]} 23. Rxe8+ {[%emt 0:00:08]} Kh7 {[%emt 0:00:22]} 24. gxh3 {[%emt 0:03:43]} Nxh3+ {[%emt 0:07:58]} 25. Kh2 {[%emt 0:01:00]} Nf4 {[%emt 0:01:03]} 26. Re3 {[%emt 0:08:09]} Qc6 {[%emt 0:02:26]} 27. Qc2+ {[%emt 0:02:46]} g6 {[%emt 0:00:10]} 28. Rg3 {[%emt 0:02:25]} Kg7 {[%emt 0:00:47]} 29. d5 {[%emt 0:02:43]} Qd6 {[%emt 0:02:12]} 30. Be6 {[%emt 0:01:28]} h5 {[%emt 0:00:39]} 31. Kg1 {[%emt 0:00:59]} Qe5 {[%emt 0:02:14]} 32. Kf1 {[%emt 0:02:59]} c6 {[%emt 0:11:22]} 33. Rf3 {[%emt 0:01:42]} cxd5 {[%emt 0:00:24]} 34. Rxf4 {[%emt 0:00:28]} Qxf4 {[%emt 0:00:01]} 35. Bxd5 {[%emt 0:01:14]} b6 {[%emt 0:02:32]} 36. c4 {[%emt 0:00:37]} Qd4 {[%emt 0:02:13]} 37. Be4 {[%emt 0:04:52]} Qa1+ {[%emt 0:03:20]} 38. Kg2 {[%emt 0:00:14]} Qxa3 {[%emt 0:03:20]} 39. Bxg6 {[%emt 0:01:22]} Qc5 {[%emt 0:01:30]} 40. Be4 {[%emt 0:01:43]} Qg5+ {[%emt 0:03:10]} 41. Kf1 {[%emt 0:31:35]} Qe5 {[%emt 0:31:10]} 42. Qd3 {[%emt 0:01:09]} h4 {[%emt 0:07:19]} 43. Qd7+ {[%emt 0:01:22]} Kh6 {[%emt 0:00:00]} 44. Qf5 {[%emt 0:00:00]} Qd6 {[%emt 0:00:00]} 45. Qh7+ {[%emt 0:00:00]} Kg5 {[%emt 0:00:00]} 46. Bd5 {[%emt 0:00:00]} a5 {[%emt 0:00:00]} 47. Qg7+ {[%emt 0:00:00]} Kf5 {[%emt 0:00:00]} 48. f3 {[%emt 0:00:00]} Qh2 {[%emt 0:00:00]} 49. Qd7+ {[%emt 0:00:00]} Kg5 {[%emt 0:00:00]} 50. Qe7+ {[%emt 0:00:00]} Kh6 {[%emt 0:00:00]} 51. Qf6+ {[%emt 0:00:00]} Kh7 {[%emt 0:00:00]} 52. Be4+ {[%emt 0:00:00]} Kg8 {[%emt 0:00:00]} 53. Qg6+ {[%emt 0:00:00]} Kf8 {[%emt 0:00:00]} 54. Qf6+ {[%emt 0:00:27]} Kg8 {[%emt 0:00:00]} 55. Bd5+ {[%emt 0:00:50]} Kh7 {[%emt 0:00:00]} 56. Qf7+ {[%emt 0:00:26]} Kh6 {[%emt 0:00:00]} 57. Qf8+ {[%emt 0:00:21]} Kg5 {[%emt 0:00:00]} 58. Qg7+ {[%emt 0:01:36]} Kf5 {[%emt 0:00:00]} 59. Qg4+ {[%emt 0:00:58]} Kf6 {[%emt 0:00:00]} 60. Qd4+ {[%emt 0:00:28]} Kg5 {[%emt 0:00:00]} 61. Qg1+ {[%emt 0:00:49]} Qxg1+ {[%emt 0:00:00]} 62. Kxg1 {[%emt 0:00:05]} a4 {[%emt 0:00:00]} 63. Be4 {[%emt 0:06:58]} 1/2-1/2

[Event "11th LCC FIDE Open 2019"]
[Site "London"]
[Date "2019.12.04"]
[Round "7.42"]
[White "Tanmay Chopra"]
[Black "Davis, Holden"]
[Result "1-0"]
[WhiteElo "2082"]
[BlackElo "1840"]
[Annotator "NA"]
[PlyCount "51"]
[EventDate "2019.11.29"]
[EventType "swiss"]
[EventCountry "ENG"]
[SourceTitle "playchess.com"]
[Source "ChessBase"]
[SourceQuality "1"]
[TimeControl "40/5400+30:1800+30"]

1. e4 {[%emt 0:00:00]} e6 {[%emt 0:00:00]} 2. d4 {[%emt 0:00:00]} d5 {[%emt 0:00:00]} 3. Nd2 {[%emt 0:00:00]} Nf6 {[%emt 0:00:00]} 4. e5 {[%emt 0:00:00]} Nfd7 {[%emt 0:00:02]} 5. Bd3 {[%emt 0:00:00]} c5 {[%emt 0:00:06]} 6. c3 {[%emt 0:00:00]} Nc6 {[%emt 0:00:03]} 7. Ne2 {[%emt 0:00:00]} cxd4 {[%emt 0:00:05]} 8. cxd4 {[%emt 0:00:01]} f6 {[%emt 0:00:06]} 9. exf6 {[%emt 0:00:03]} Nxf6 {[%emt 0:00:05]} 10. Nf3 {[%emt 0:00:08]} Bd6 {[%emt 0:00:05]} 11. O-O {[%emt 0:00:04]} Qc7 {[%emt 0:00:03]} 12. Bg5 {[%emt 0:00:09]} O-O {[%emt 0:00:07]} 13. Bh4 {[%emt 0:00:04]} Nh5 {[%emt 0:00:41]} 14. Qc2 {[%emt 0:00:06]} h6 {[%emt 0:00:05]} 15. Bh7+ {[%emt 0:00:03]} Kh8 {[%emt 0:00:05]} 16. Bg6 {[%emt 0:00:04]} Rxf3 {[%emt 0:01:02]} 17. Bxh5 {[%emt 0:00:03]} Bxh2+ {[%emt 0:00:27]} 18. Kh1 {[%emt 0:00:07]} Rf5 {[%emt 0:00:03]} 19. Bg6 {[%emt 0:02:28]} Bd6 {[%emt 0:01:36]} 20. Bxf5 {[%emt 0:00:41]} exf5 {[%emt 0:00:05]} 21. f3 {[%emt 0:04:43]} Qf7 {[%emt 0:01:15]} 22. Kg1 {[%emt 0:06:23]} Qh5 {[%emt 0:03:22]} 23. Be1 {[%emt 0:00:25]} Bh2+ {[%emt 0:19:06]} 24. Kf2 {[%emt 0:00:10]} f4 {[%emt 0:21:43]} 25. Rh1 {[%emt 0:00:57]} Bf5 {[%emt 0:01:56]} 26. Rxh2 {[%emt 0:01:11]} 1-0

[Event "11th LCC FIDE Open 2019"]
[Site "London"]
[Date "2019.12.04"]
[Round "7.43"]
[White "Saidmurodov, Shahjahon"]
[Black "Balaji, Aaravamudhan"]
[Result "0-1"]
[WhiteElo "1782"]
[BlackElo "2080"]
[Annotator "NA"]
[PlyCount "124"]
[EventDate "2019.11.29"]
[EventType "swiss"]
[EventCountry "ENG"]
[SourceTitle "playchess.com"]
[Source "ChessBase"]
[SourceQuality "1"]
[TimeControl "40/5400+30:1800+30"]

1. e4 {[%emt 0:00:00]} e5 {[%emt 0:00:00]} 2. Nf3 {[%emt 0:00:00]} Nc6 {[%emt 0:00:05]} 3. Bc4 {[%emt 0:00:00]} Nf6 {[%emt 0:00:00]} 4. d4 {[%emt 0:00:42]} exd4 {[%emt 0:00:00]} 5. O-O {[%emt 0:00:26]} Nxe4 {[%emt 0:00:08]} 6. Re1 {[%emt 0:00:11]} d5 {[%emt 0:00:04]} 7. Bxd5 {[%emt 0:00:32]} Qxd5 {[%emt 0:00:03]} 8. Nc3 {[%emt 0:00:12]} Qh5 {[%emt 0:00:05]} 9. Nxe4 {[%emt 0:00:10]} Be6 {[%emt 0:00:06]} 10. Bg5 {[%emt 0:00:23]} Bd6 {[%emt 0:00:10]} 11. Nxd6+ {[%emt 0:16:19]} cxd6 {[%emt 0:00:02]} 12. Bf4 {[%emt 0:00:58]} Qd5 {[%emt 0:00:05]} 13. c3 {[%emt 0:07:21]} Rc8 {[%emt 0:00:10]} 14. Qd2 {[%emt 0:03:08]} O-O {[%emt 0:08:38]} 15. Nxd4 {[%emt 0:20:25]} Nxd4 {[%emt 0:04:11]} 16. Qxd4 {[%emt 0:14:38]} Qxd4 {[%emt 0:07:56]} 17. cxd4 {[%emt 0:02:11]} Rfd8 {[%emt 0:00:42]} 18. Rac1 {[%emt 0:02:41]} Rc6 {[%emt 0:06:39]} 19. b3 {[%emt 0:03:02]} Kf8 {[%emt 0:02:02]} 20. f3 {[%emt 0:03:23]} Bd5 {[%emt 0:01:37]} 21. Rxc6 {[%emt 0:01:28]} bxc6 {[%emt 0:00:01]} 22. Kf2 {[%emt 0:00:36]} f6 {[%emt 0:00:02]} 23. h4 {[%emt 0:00:36]} h6 {[%emt 0:02:45]} 24. Rc1 {[%emt 0:01:41]} Ke7 {[%emt 0:00:57]} 25. Rc3 {[%emt 0:01:52]} g5 {[%emt 0:01:13]} 26. Bd2 {[%emt 0:01:48]} Ra8 {[%emt 0:01:46]} 27. a3 {[%emt 0:01:37]} a5 {[%emt 0:01:11]} 28. Re3+ {[%emt 0:01:22]} Kd7 {[%emt 0:01:23]} 29. hxg5 {[%emt 0:00:50]} fxg5 {[%emt 0:00:51]} 30. b4 {[%emt 0:01:14]} a4 {[%emt 0:00:55]} 31. Re1 {[%emt 0:00:39]} Rf8 {[%emt 0:00:26]} 32. Rh1 {[%emt 0:00:49]} Rf6 {[%emt 0:00:47]} 33. Be3 {[%emt 0:01:14]} Kc7 {[%emt 0:00:55]} 34. Ke2 {[%emt 0:02:03]} Kb6 {[%emt 0:00:28]} 35. Kd3 {[%emt 0:00:53]} Kb5 {[%emt 0:00:05]} 36. Rc1 {[%emt 0:01:18]} Rg6 {[%emt 0:00:57]} 37. Rc2 {[%emt 0:01:01]} g4 {[%emt 0:01:45]} 38. Ke2 {[%emt 0:06:55]} h5 {[%emt 0:11:37]} 39. Kd3 {[%emt 0:03:43]} h4 {[%emt 0:02:43]} 40. Rf2 {[%emt 0:01:00]} g3 {[%emt 0:04:14]} 41. Rc2 {[%emt 0:02:28]} h3 {[%emt 0:07:49]} 42. gxh3 {[%emt 0:04:56]} Bxf3 {[%emt 0:00:18]} 43. Rc1 {[%emt 0:00:35]} g2 {[%emt 0:02:25]} 44. Bf2 {[%emt 0:01:10]} Bd5 {[%emt 0:00:34]} 45. h4 {[%emt 0:01:54]} Rf6 {[%emt 0:01:19]} 46. Be3 {[%emt 0:02:01]} Rf1 {[%emt 0:03:13]} 47. Kd2 {[%emt 0:01:54]} Rh1 {[%emt 0:06:33]} 48. Bf2 {[%emt 0:01:09]} Bc4 {[%emt 0:00:57]} 49. Rg1 {[%emt 0:02:21]} Bf1 {[%emt 0:00:55]} 50. Ke3 {[%emt 0:04:27]} Rh3+ {[%emt 0:09:21]} 51. Kf4 {[%emt 0:01:08]} Rxa3 {[%emt 0:01:37]} 52. d5 {[%emt 0:01:41]} c5 {[%emt 0:01:37]} 53. bxc5 {[%emt 0:00:46]} dxc5 {[%emt 0:00:31]} 54. Ke4 {[%emt 0:01:03]} Rh3 {[%emt 0:01:34]} 55. d6 {[%emt 0:00:47]} Kc6 {[%emt 0:02:25]} 56. d7 {[%emt 0:05:10]} Kxd7 {[%emt 0:00:25]} 57. Bxc5 {[%emt 0:00:46]} a3 {[%emt 0:00:19]} 58. Bf8 {[%emt 0:01:24]} a2 {[%emt 0:00:58]} 59. Bg7 {[%emt 0:00:13]} Rh1 {[%emt 0:00:18]} 60. Rxg2 {[%emt 0:02:10]} Bxg2+ {[%emt 0:00:39]} 61. Kf4 {[%emt 0:00:14]} a1=Q {[%emt 0:00:03]} 62. Bxa1 {[%emt 0:00:19]} Rxa1 {[%emt 0:00:03]} 0-1

[Event "11th LCC FIDE Open 2019"]
[Site "London"]
[Date "2019.12.04"]
[Round "7.44"]
[White "Wilks, Simon"]
[Black "Varsha Ramesh"]
[Result "1-0"]
[WhiteElo "2071"]
[BlackElo "1669"]
[Annotator "NA"]
[PlyCount "59"]
[EventDate "2019.11.29"]
[EventType "swiss"]
[EventCountry "ENG"]
[SourceTitle "playchess.com"]
[Source "ChessBase"]
[SourceQuality "1"]
[TimeControl "40/5400+30:1800+30"]

1. e4 {[%emt 0:11:56]} c5 {[%emt 0:00:00]} 2. Nf3 {[%emt 0:00:05]} Nc6 {[%emt 0:00:00]} 3. Bb5 {[%emt 0:00:10]} g6 {[%emt 0:00:00]} 4. Bxc6 {[%emt 0:00:12]} dxc6 {[%emt 0:00:00]} 5. d3 {[%emt 0:00:19]} Bg7 {[%emt 0:00:00]} 6. h3 {[%emt 0:00:12]} Nf6 {[%emt 0:00:07]} 7. Nc3 {[%emt 0:00:25]} O-O {[%emt 0:00:07]} 8. O-O {[%emt 0:01:12]} Nd7 {[%emt 0:00:25]} 9. Be3 {[%emt 0:01:16]} e5 {[%emt 0:00:16]} 10. Qd2 {[%emt 0:00:27]} Re8 {[%emt 0:00:31]} 11. Bh6 {[%emt 0:01:26]} Bh8 {[%emt 0:00:25]} 12. Nh2 {[%emt 0:04:28]} b6 {[%emt 0:06:50]} 13. Rae1 {[%emt 0:03:53]} Nf8 {[%emt 0:00:39]} 14. f4 {[%emt 0:00:57]} Ne6 {[%emt 0:05:22]} 15. fxe5 {[%emt 0:08:26]} Bxe5 {[%emt 0:00:33]} 16. Ng4 {[%emt 0:00:38]} Bh8 {[%emt 0:01:18]} 17. e5 {[%emt 0:02:56]} Nd4 {[%emt 0:06:24]} 18. Bg5 {[%emt 0:01:47]} Qc7 {[%emt 0:02:09]} 19. Nh6+ {[%emt 0:01:18]} Kf8 {[%emt 0:00:43]} 20. Rxf7+ {[%emt 0:02:06]} Qxf7 {[%emt 0:00:06]} 21. Nxf7 {[%emt 0:00:05]} Kxf7 {[%emt 0:00:08]} 22. Rf1+ {[%emt 0:11:27]} Kg8 {[%emt 0:00:03]} 23. Bf6 {[%emt 0:05:01]} Be6 {[%emt 0:00:39]} 24. Ne4 {[%emt 0:02:36]} a5 {[%emt 0:00:35]} 25. c3 {[%emt 0:03:18]} Nf5 {[%emt 0:00:25]} 26. g4 {[%emt 0:01:01]} Ne7 {[%emt 0:00:32]} 27. Qh6 {[%emt 0:03:08]} Nd5 {[%emt 0:00:24]} 28. Bxh8 {[%emt 0:03:47]} Kxh8 {[%emt 0:00:05]} 29. Ng5 {[%emt 0:00:31]} Bg8 {[%emt 0:01:03]} 30. Rf7 {[%emt 0:00:35]} 1-0